Online
Catalog

Algunas consideraciones sobre Patois cubain de F. Boytel Jambu / (Record no. 11492)

MARC details
000 -CABECERA
campo de control de longitud fija 01069cam a2200277 a 4500
001 - NÚMERO DE CONTROL
campo de control 000011818
003 - IDENTIFICADOR DEL NÚMERO DE CONTROL
campo de control DO-SdBNP
005 - FECHA Y HORA DE LA ÚLTIMA TRANSACCIÓN
campo de control 20260318113320.0
008 - DATOS DE LONGITUD FIJA--INFORMACIÓN GENERAL
campo de control de longitud fija 910530s1989 cu 000 0 spa
040 ## - FUENTE DE LA CATALOGACIÓN
Centro catalogador/agencia de origen DO-SdBNP
Lengua de catalogación spa
Centro/agencia transcriptor BNPHU
049 ## - FONDOS LOCALES (OCLC)
Fondos de biblioteca BNGR
082 #4 - NÚMERO DE LA CLASIFICACIÓN DECIMAL DEWEY
Número de clasificación 467.97291
Número de documento/Ítem M385a
Número de edición 22
100 1# - ENTRADA PRINCIPAL--NOMBRE DE PERSONA
Nombre de persona Martínez Gordo, Isabel.
9 (RLIN) 27982
245 10 - MENCIÓN DE TÍTULO
Título Algunas consideraciones sobre Patois cubain de F. Boytel Jambu /
Mención de responsabilidad, etc. Isabel Martínez Gordo ; edición, María de los A. Rodríguez.
260 ## - PUBLICACIÓN, DISTRIBUCIÓN, ETC.
Lugar de publicación, distribución, etc. La Habana :
Nombre del editor, distribuidor, etc. Editorial Academia,
Fecha de publicación, distribución, etc. 1989.
300 ## - DESCRIPCIÓN FÍSICA
Extensión 70 p. :
Otras características físicas il. ;
Dimensiones 21 cm.
500 ## - NOTA GENERAL
Nota general Ensayo patois cubain [por] Fernando Boytel Jambú": p. [45]-70.
504 ## - NOTA DE BIBLIOGRAFÍA, ETC.
Nota de bibliografía, etc. Bibliografía: p. 41-43
600 14 - PUNTO DE ACCESO ADICIONAL DE MATERIA--NOMBRE DE PERSONA
Nombre de persona Boytel Jambú, Fernando,
Título de la obra Patois cubain
9 (RLIN) 27983
650 #7 - PUNTO DE ACCESO ADICIONAL DE MATERIA--TÉRMINO DE MATERIA
Término de materia o nombre geográfico como elemento de entrada Dialectos criollos
Subdivisión geográfica Cuba
9 (RLIN) 27984
Fuente del encabezamiento o término LIBRUNAM
650 #4 - PUNTO DE ACCESO ADICIONAL DE MATERIA--TÉRMINO DE MATERIA
Término de materia o nombre geográfico como elemento de entrada Dialectos criollos francés
Subdivisión geográfica Haiti.
9 (RLIN) 27985
700 1# - PUNTO DE ACCESO ADICIONAL--NOMBRE DE PERSONA
Nombre de persona Boytel Jambu, Fernando.
Título de la obra Patois cubain.
Fecha de publicación/de la obra 1989.
9 (RLIN) 27986
700 1# - PUNTO DE ACCESO ADICIONAL--NOMBRE DE PERSONA
Nombre de persona Rodríguez, María de la A.,
Término indicativo de función/relación ed.
9 (RLIN) 27987
910 ## - DATOS DE OPCIÓN DEL USUARIO (OCLC)
Datos de opción del usuario Validado. Control de calidad MFF
942 ## - ELEMENTOS DE PUNTO DE ACCESO ADICIONAL (KOHA)
Fuente del sistema de clasificación o colocación Dewey Decimal Classification
Tipo de ítem Koha Libro
Holdings
Estado de retiro Estado de pérdida Restricciones de uso No para préstamo Código de colección Localización permanente Ubicación/localización actual Ubicación en estantería Fecha de adquisición Número de inventario Total de préstamos Signatura topográfica completa Código de barras Fecha visto por última vez Precio válido a partir de Tipo de ítem Koha Número de copia
    Préstamo interno   Monografías: Libros y Folletos General General Depósito 27.10.2009 LF1   467.97291 M385a 11818-10 25.06.2020 25.06.2020 Préstamo interno  
      Excluido de préstamo Monografías: Libros y Folletos General General Depósito 17.04.2017 LF1   467.97291 M385a 11818-20 25.06.2020 25.06.2020 No se presta e. 2

Powered by Koha